000 02381cam a2200517Ia 4500
001 ocm49196493
003 OCoLC
005 20200320223519.0
008 020226s2002 mauab d 000 1 eng
020 _a0618154620
020 _a9780618154623
029 1 _aYDXCP
_b1787849
035 _a(OCoLC)49196493
040 _aVA@
_beng
_cVA@
_dOCLCQ
_dBAKER
_dOCLCQ
_dYDXCP
_dOCLCG
_dOCLCQ
_dLTP
_dBDX
_dOCLCA
_dOCLCF
_dOCLCQ
_dOCLCO
_dDCB
_dOCLCO
_dOCL
_dHCO
_dFAF
_dJZ6
_dWACOL
049 _aWACL
050 4 _aPS3513.U855
_bW3 2002
082 4 _a813.52
092 _aFiction
_bGut
100 1 _aGuthrie, A. B.,
_cJr.
_q(Alfred Bertram),
_d1901-1991.
_96021055
245 1 4 _aThe way west :
_ba novel /
_cA.B. Guthrie, Jr.
250 _a1st Mariner Books ed.
260 _aBoston ;
_aNew York :
_bHoughton Mifflin,
_c2002.
300 _a340 pages :
_billustrations, map ;
_c21 cm
336 _atext
337 _aunmediated
338 _avolume
500 _a"A Mariner Book."
520 _a"An enormously entertaining classic, 'The way west' brings to life the adventure of western passage and the pioneer spirit. The sequel to 'The Big Sky', this celebrated novel charts a frontiersman's return to the untamed West in 1846. Dick Summers, as pilot of a wagon train, guides a group of settlers on the difficult journey from Missouri to Oregon"--Back cover.
586 _aPulitzer Prize, 1950: Fiction
521 _aFiction
_bBaker & Taylor
651 0 _aOregon National Historic Trail
_vFiction.
_95679186
650 0 _aFrontier and pioneer life
_vFiction.
_95674072
650 7 _aFrontier and pioneer life.
_2fast
_0(OCoLC)fst00935370
_96021056
651 7 _aUnited States
_zOregon National Historic Trail.
_2fast
_0(OCoLC)fst01289519
_95679188
655 7 _aWestern fiction.
_2fast
_0(OCoLC)fst01726776
_95687771
655 7 _aFiction.
_2fast
_0(OCoLC)fst01423787
_95673940
655 7 _aWestern fiction.
_2lcgft
_95687771
655 7 _aWestern stories.
_2gsafd
_96021057
938 _aBaker & Taylor
_bBKTY
_c14.00
_d10.50
_i0618154620
_n0003736331
_sactive
938 _aBrodart
_bBROD
_n57272247
_c$14.00
938 _aYBP Library Services
_bYANK
_n1787849
942 _cBOOK
_00
948 _a03/03/2020
_zSirsi
994 _aC0
_bWACOL
996 _a175946
_b34301001682121
_cF
_dbk
_ewcl
_fi
_g0
_h15.95
_lBaker & Taylor
_mGut
_p03/03/2020
_q03/03/2020
999 _c324549
_d324548